000 00412nam a2200121Ia 4500
008 171212s9999 xx 000 0 und d
020 _a9781921666285
245 _ceditor Garnaut, Ross;Golley, Jane;Song, Ligang
_aChina: The Next Twenty Years of Reform and Development
260 _bANU E Press
_c2010
440 _aChina Update Series
650 _aEconomics
856 _uwww.jstor.org/stable/10.2307/j.ctt24hc46
999 _c351033
_d351033